000 00719nam a2200205Ii 4500
003 JO-AjNU
008 230605s9999||||xx |||||||||||||| ||und||
040 _aJO-AjNU
_bara
_erda
_cJO-AjNU
041 _aara
050 1 4 _aHD85.A7.S7688.1994
100 3 _aالصقور، محمد/صالح ذياب هندي/رجب علي الشناوي,
_eauthor
_935186
245 0 0 _aقضايا التنمية العربية
250 _aط1
264 3 1 _aعمان:دار الفكر للنشر والتوزيع،1994
300 _a152ص
336 _atext
_btxt
_2rdacontent
337 _aunmediated
_bn
_2rdamedia
338 _avolume
_bnc
_2rdacarrier
650 4 _aاحوال اقتصادية -البلاد العربية
_935187
999 _aA14501
_c18069
_d18069